000 00719nam a2200205Ia 4500
005 20260121110214.0
008 008 260114s9999 xx 000 0 hin d
020 _a9788132301424
037 _aEBOOK
040 _aCRL
_bhin
_cCRL
041 _ahin
_2hin
084 _qCRL
100 _aराजेन्द्र साह / Rajendra Sahai
_9943337
245 0 _aविद्यालय संगठन की आधुनिक प्रवृत्ति / Vidyalay sangathan ki aadhunik pravritti
260 _bभाषा प्रकाशन / Bhasha Prakashan
_c2020
856 _uhttps://bhashaprakashan.com/product-details/377808
942 _cEBOOK
999 _c1535002
_d1535002